[Event "Curitiba IEP&Copel op"]
[Site "Curitiba"]
[Date "2017.05.13"]
[Round "3"]
[White "Olinek, Vinicius Marochi"]
[Black "Carvalho, Celestino Jr"]
[Result "0-1"]
[WhiteElo "1701"]
[BlackElo "1963"]
[PlyCount "80"]
[EventDate "2017.05.12"]
[EventType "swiss"]
[EventRounds "6"]
[EventCountry "BRA"]
[SourceTitle "CBM 178 Extra"]
[Source "ChessBase"]
[SourceDate "2017.06.22"]
[SourceVersion "1"]
[SourceVersionDate "2017.06.22"]
[SourceQuality "1"]

1. e4 c5 2. Nf3 e6 3. d4 cxd4 4. Nxd4 Nf6 5. f3 d5 6. e5 Nfd7 7. f4 Nc6 8. c3 Qb6 9. Na3 Nxd4 10. Qxd4 Bc5 11. Qd2 Bxa3 12. bxa3 Nc5 13. Bd3 Bd7 14. Rb1 Qc7 15. 0-0 a6 16. Rf3 Rc8 17. Rg3 g6 18. Qe2 Na4 19. Bd2 b5 20. Rb3 Nc5 21. Qf2 Nxb3 22. axb3 Qc5 23. Qxc5 Rxc5 24. b4 Rc6 25. Be1 0-0 26. Be2 Re8 27. Rd3 a5 28. Rd1 Ra6 29. bxa5 Rxa5 30. Rb1 Rxa3 31. Kf2 Rb8 32. Bd2 Ra2 33. Ke1 Rba8 34. Kd1 Ra1 35. Rxa1 Rxa1+ 36. Kc2 Ra2+ 37. Kd3 b4 38. cxb4 Bb5+ 39. Ke3 d4+ 40. Kf3 d3 0-1

[Event "Joinville op U220"]
[Site "Joinville"]
[Date "2017.02.19"]
[Round "6"]
[White "Bueno, Vinicius Nogueira"]
[Black "Olinek, Vinicius Marochi"]
[Result "1-0"]
[WhiteElo "1632"]
[BlackElo "1800"]
[PlyCount "97"]
[EventDate "2017.02.17"]
[EventType "swiss"]
[EventRounds "7"]
[EventCountry "BRA"]
[SourceTitle "CBM 177 Extra"]
[Source "ChessBase"]
[SourceDate "2017.04.27"]
[SourceVersion "1"]
[SourceVersionDate "2017.04.27"]
[SourceQuality "1"]

1. Nf3 c5 2. e3 Nc6 3. b3 d6 4. Bb2 e6 5. Bb5 Nf6 6. Bxc6+ bxc6 7. 0-0 Be7 8. c4 0-0 9. d3 h6 10. Nbd2 Bd7 11. h3 Qc7 12. Nh2 Qd8 13. Ng4 Nxg4 14. Qxg4 Bf6 15. Bxf6 Qxf6 16. Rae1 Qe7 17. f4 f5 18. Qe2 Qh4 19. e4 Rae8 20. e5 d5 21. Nb1 d4 22. Qf2 Qxf2+ 23. Rxf2 Rb8 24. g4 g6 25. gxf5 gxf5 26. Rg2+ Kh7 27. Kh2 Rg8 28. Reg1 Rxg2+ 29. Rxg2 Rg8 30. Rxg8 Kxg8 31. Kg3 Kh7 32. Nd2 Be8 33. Kh4 Kg7 34. Nf1 Bf7 35. Ng3 Kh7 36. Nh1 Kg7 37. Nf2 Kh7 38. Nd1 Kg7 39. Nb2 Kf8 40. Na4 Ke7 41. Nxc5 Kd8 42. b4 Kc7 43. Nb3 Kb6 44. a4 a5 45. bxa5+ Ka6 46. Nxd4 Kxa5 47. Nxc6+ Kxa4 48. Nd8 Bg8 49. Kh5 1-0

[Event "Joinville op U220"]
[Site "Joinville"]
[Date "2017.02.18"]
[Round "4"]
[White "Venter, Paulo Regis"]
[Black "Olinek, Vinicius Marochi"]
[Result "1-0"]
[WhiteElo "1677"]
[BlackElo "1800"]
[PlyCount "63"]
[EventDate "2017.02.17"]
[EventType "swiss"]
[EventRounds "7"]
[EventCountry "BRA"]
[SourceTitle "CBM 177 Extra"]
[Source "ChessBase"]
[SourceDate "2017.04.27"]
[SourceVersion "1"]
[SourceVersionDate "2017.04.27"]
[SourceQuality "1"]

1. d4 Nf6 2. c4 g6 3. Nc3 d5 4. cxd5 Nxd5 5. e4 Nxc3 6. bxc3 Bg7 7. Bc4 c5 8. Ne2 0-0 9. 0-0 Nc6 10. Be3 Qa5 11. Qb3 Qc7 12. Qa3 Na5 13. Bd3 c4 14. Bc2 b5 15. Rab1 a6 16. Qb2 Rd8 17. f4 Nc6 18. a4 Rb8 19. axb5 axb5 20. f5 Rb7 21. e5 Nxe5 22. dxe5 Qxe5 23. Qc1 Bxf5 24. Bxf5 gxf5 25. Nd4 e6 26. Nc6 Qc7 27. Nxd8 Qxd8 28. Rd1 Qc7 29. Qd2 Bf6 30. Bg5 Qc5+ 31. Kf1 Qe5 32. Bxf6 1-0

[Event "Joinville op U220"]
[Site "Joinville"]
[Date "2017.02.17"]
[Round "2"]
[White "Niehues, Luiz Cesar"]
[Black "Olinek, Vinicius Marochi"]
[Result "1-0"]
[WhiteElo "1646"]
[BlackElo "1800"]
[PlyCount "63"]
[EventDate "2017.02.17"]
[EventType "swiss"]
[EventRounds "7"]
[EventCountry "BRA"]
[SourceTitle "CBM 177 Extra"]
[Source "ChessBase"]
[SourceDate "2017.04.27"]
[SourceVersion "1"]
[SourceVersionDate "2017.04.27"]
[SourceQuality "1"]

1. d4 Nf6 2. c4 g6 3. Nc3 d5 4. cxd5 Nxd5 5. e4 Nxc3 6. bxc3 Bg7 7. Bc4 c5 8. Ne2 0-0 9. 0-0 Nc6 10. Be3 Qa5 11. Qb3 a6 12. h3 b5 13. Bd5 c4 14. Qc2 Bb7 15. f4 e6 16. Bxc6 Bxc6 17. f5 exf5 18. exf5 Rfe8 19. Qd2 Qd8 20. fxg6 hxg6 21. Ng3 Qd5 22. Rf2 Ra7 23. Raf1 Ree7 24. Bg5 Red7 25. Bf6 Bxf6 26. Rxf6 Re7 27. R1f2 Kg7 28. Qf4 Re1+ 29. Kh2 Ree7 30. h4 Re6 31. h5 Rd6 32. Rxd6 1-0

[Event "Parana-ch"]
[Site "Pirai do Sul"]
[Date "2017.02.02"]
[Round "3"]
[White "Lunelli, Neuri Antonio"]
[Black "Olinek, Vinicius Marochi"]
[Result "1-0"]
[WhiteElo "1825"]
[BlackElo "1800"]
[PlyCount "63"]
[EventDate "2017.02.01"]
[EventType "swiss"]
[EventRounds "8"]
[EventCountry "BRA"]
[SourceTitle "CBM 176 Extra"]
[Source "ChessBase"]
[SourceDate "2017.03.02"]
[SourceVersion "1"]
[SourceVersionDate "2017.03.02"]
[SourceQuality "1"]

1. d4 Nf6 2. Nf3 e6 3. g3 b6 4. Bg2 Bb7 5. 0-0 Be7 6. c4 d5 7. Ne5 0-0 8. Nc3 Nbd7 9. cxd5 exd5 10. f4 c5 11. e3 Re8 12. Qd3 Nf8 13. Bd2 Qc8 14. Rfe1 Ne6 15. Rac1 Ba6 16. Qf5 Rd8 17. Nxd5 Nxd5 18. Qxf7+ Kh8 19. e4 Rf8 20. Qh5 Rf6 21. exd5 g6 22. Qd1 Nxd4 23. d6 Bxd6 24. Bxa8 Qxa8 25. Bc3 Bxe5 26. Rxe5 Nf3+ 27. Kf2 Nxe5 28. Bxe5 Qc6 29. Qd8+ Kg7 30. Qe7+ Kh6 31. Qxf6 Qb5 32. Qh4# 1-0